PRINCIPLES OF PHYSICS (Record no. 181541)

MARC details
000 -LEADER
fixed length control field 00474nam a2200193Ia 4500
003 - CONTROL NUMBER IDENTIFIER
control field OSt
005 - DATE AND TIME OF LATEST TRANSACTION
control field 20260423090845.0
020 ## - INTERNATIONAL STANDARD BOOK NUMBER
International Standard Book Number 0-03-049481-8
040 ## - CATALOGING SOURCE
Transcribing agency LC
050 ## - LIBRARY OF CONGRESS CALL NUMBER
Classification number QC 21.2 .M 37 1984
100 ## - MAIN ENTRY--PERSONAL NAME
Personal name MARION, JERRY B.
245 #0 - TITLE STATEMENT
Title PRINCIPLES OF PHYSICS
260 ## - PUBLICATION, DISTRIBUTION, ETC.
Place of publication, distribution, etc. PHILADELPHIA,
Name of publisher, distributor, etc. SAUNDRES COLLEGE PUBLISHING,
Date of publication, distribution, etc. 1984,
300 ## - PHYSICAL DESCRIPTION
Extent XVii, 772 P,; ILL
500 ## - GENERAL NOTE
General note INCLUDES INDEX
650 ## - SUBJECT ADDED ENTRY--TOPICAL TERM
Topical term or geographic name entry element PHYSICS
700 ## - ADDED ENTRY--PERSONAL NAME
Personal name HORNYAK, WILLIAM F
942 ## - ADDED ENTRY ELEMENTS (KOHA)
Koha item type Long Loan Book
Source of classification or shelving scheme Library of Congress Classification
Holdings
Withdrawn status Lost status Source of classification or shelving scheme Damaged status Not for loan Collection Home library Current library Shelving location Date acquired Inventory number Total checkouts Full call number Barcode Date last seen Date last checked out Copy number Price effective from Koha item type
    Library of Congress Classification     Arts & Social Sciences Kisii University Library Kisii University Library On Display 09/15/2023 67084 1 QC 21.2 .M 37 1984 013841 04/23/2026 04/09/2026 4 09/15/2023 Long Loan Book
    Library of Congress Classification     Arts & Social Sciences Kisii University Library Kisii University Library On Display 07/23/2024 13842   LB 1060 .S25 030561 07/23/2024   3 07/23/2024 Long Loan Book
    Library of Congress Classification     Arts & Social Sciences Kisii University Library Kisii University Library On Display 07/23/2024 13844   LB 1060 .M33 2020 030558 07/23/2024   2 07/23/2024 Long Loan Book
    Library of Congress Classification     Arts & Social Sciences Kisii University Library Kisii University Library On Display 07/23/2024 13845   LB 1060 .S25 030559 07/23/2024   1 07/23/2024 Long Loan Book